[Event "British Columbia op"]
[Site "Richmond CAN"]
[Date "2019.02.18"]
[Round "6.5"]
[White "Roback, Joe"]
[Black "Nunez Asencio, Jorge"]
[Result "0-1"]
[WhiteElo "2027"]
[BlackElo "2244"]
[PlyCount "58"]
[EventDate "2019.02.16"]
[EventType "swiss"]
[EventRounds "6"]
[EventCountry "CAN"]

1. e4 c5 2. Nf3 a6 3. c4 e6 4. Nc3 d6 5. d4 cxd4 6. Nxd4 Nf6 7. Be2 Qc7 8. O-O
Nbd7 9. f4 b6 10. f5 e5 11. Nc2 Bb7 12. Bd3 Nc5 13. Qe2 Rc8 14. Na3 Nxd3 15.
Qxd3 Be7 16. Be3 O-O 17. Rac1 Qb8 18. Bg5 h6 19. Bxf6 Bxf6 20. Nd5 Bg5 21. Rc3
Bxd5 22. Qxd5 Rc5 23. Qd1 b5 24. cxb5 axb5 25. Rd3 Rfc8 26. Qg4 b4 27. Nb1 Qb5
28. Qf3 Rc2 29. Rb3 Rc1 0-1

[Event "British Columbia op"]
[Site "Richmond CAN"]
[Date "2019.02.18"]
[Round "6.6"]
[White "Mohammed Qanee, Arpak Worya"]
[Black "Leong, Ryan"]
[Result "1-0"]
[WhiteElo "2231"]
[BlackElo "1843"]
[PlyCount "61"]
[EventDate "2019.02.16"]
[EventType "swiss"]
[EventRounds "6"]
[EventCountry "CAN"]

1. e4 c5 2. f4 Nc6 3. Nf3 d6 4. Bc4 e6 5. Nc3 Nge7 6. O-O g6 7. d3 Bg7 8. Qe1
O-O 9. Qh4 d5 10. Bb3 Nd4 11. Nxd4 cxd4 12. Ne2 a5 13. a4 dxe4 14. Bc4 Qc7 15.
g4 b6 16. b3 Bb7 17. Ng3 e3 18. Ba3 Rfe8 19. f5 exf5 20. Bxe7 Rxe7 21. gxf5 Qc6
22. Ne4 g5 23. Qg4 Rae8 24. f6 Rxe4 25. dxe4 Bh6 26. Qh5 Qd7 27. Rf5 Rxe4 28.
Rxg5+ Kh8 29. Qxh6 Rg4+ 30. Kf1 e2+ 31. Ke1 1-0

[Event "British Columbia op"]
[Site "Richmond CAN"]
[Date "2019.02.18"]
[Round "6.7"]
[White "Gibbard, Alina Iuliana"]
[Black "Li, Kevin"]
[Result "1-0"]
[WhiteElo "2054"]
[BlackElo "1917"]
[PlyCount "85"]
[EventDate "2019.02.16"]
[EventType "swiss"]
[EventRounds "6"]
[EventCountry "CAN"]

1. c4 e6 2. Nc3 d5 3. cxd5 exd5 4. d4 Nf6 5. Bg5 Be7 6. e3 O-O 7. Bd3 h6 8. Bh4
Be6 9. Nge2 Nbd7 10. O-O c5 11. h3 a6 12. Bb1 b5 13. f4 b4 14. Na4 Ne4 15. Bxe7
Qxe7 16. f5 Qg5 17. fxe6 Qxe3+ 18. Kh2 fxe6 19. Bxe4 dxe4 20. Nxc5 Rxf1 21.
Qxf1 Rf8 22. Qe1 Nxc5 23. dxc5 Qxc5 24. Ng3 e3 25. Rc1 Qe5 26. Qxb4 Rb8 27. Qc3
Qf4 28. Re1 Qf2 29. Qxe3 Qxe3 30. Rxe3 Rxb2 31. Ra3 Rb6 32. Ra5 Kf7 33. Ne4 Ke7
34. Kg3 g6 35. Kf3 Kf7 36. Kf4 Ke7 37. h4 Kf7 38. g4 Ke7 39. a3 Kf7 40. Nc5 Rb1
41. Rxa6 Rf1+ 42. Ke5 Re1+ 43. Ne4 1-0

[Event "British Columbia op"]
[Site "Richmond CAN"]
[Date "2019.02.18"]
[Round "6.8"]
[White "Taylor, Tristan"]
[Black "Tian, Sherry"]
[Result "1/2-1/2"]
[WhiteElo "1920"]
[BlackElo "2049"]
[PlyCount "97"]
[EventDate "2019.02.16"]
[EventType "swiss"]
[EventRounds "6"]
[EventCountry "CAN"]

1. Nf3 Nf6 2. c4 c5 3. g3 g6 4. Bg2 Nc6 5. d4 cxd4 6. Nxd4 Bg7 7. Nc3 O-O 8.
O-O Qb6 9. Nxc6 bxc6 10. Qc2 d6 11. e4 Bb7 12. Be3 c5 13. Rab1 Qa6 14. b3 Nd7
15. h3 Bc6 16. Nd5 Bxd5 17. exd5 Qc8 18. Rbe1 Nf6 19. f4 a5 20. Bd2 Re8 21. f5
a4 22. fxg6 hxg6 23. Bc3 axb3 24. axb3 Rb8 25. g4 Qd8 26. g5 Nd7 27. Bxg7 Kxg7
28. Qc3+ Ne5 29. Be4 Qc7 30. Bc2 Rh8 31. Qg3 Rbe8 32. Qf4 Ref8 33. Qg3 Qc8 34.
Kg2 Qc7 35. Re3 Rh7 36. Rf2 Rfh8 37. Rxe5 dxe5 38. Qf3 Rf8 39. Bxg6 Rh4 40. Be4
Rf4 41. Qe3 Rxf2+ 42. Qxf2 Rh8 43. Qf5 Qb8 44. g6 fxg6 45. Qxg6+ Kf8 46. Qf5+
Ke8 47. Qg6+ Kd8 48. Qg7 Re8 49. Bg6 1/2-1/2

[Event "British Columbia op"]
[Site "Richmond CAN"]
[Date "2019.02.18"]
[Round "6.9"]
[White "Ferguson, Peter"]
[Black "Tang, Edward"]
[Result "1-0"]
[WhiteElo "2022"]
[BlackElo "2013"]
[PlyCount "75"]
[EventDate "2019.02.16"]
[EventType "swiss"]
[EventRounds "6"]
[EventCountry "CAN"]

1. e4 c6 2. Nc3 d5 3. Nf3 Bg4 4. Qe2 dxe4 5. Nxe4 Nf6 6. b3 Qd5 7. Nxf6+ gxf6
8. Bb2 Nd7 9. Qe3 h5 10. Bc4 Qa5 11. Bc3 Qa3 12. h3 Bh6 13. Qd3 Nc5 14. Qe2 Be6
15. Nd4 Bd7 16. O-O Bf4 17. Qf3 e5 18. Rfe1 O-O-O 19. Ne2 Bg5 20. Ng3 Rdf8 21.
Reb1 b5 22. b4 e4 23. Qe2 Na4 24. Rb3 Nxc3 25. Rxc3 Qb2 26. Qf1 Bxd2 27. Rb3
Qd4 28. Be2 h4 29. Nxe4 Qxe4 30. Bf3 Qe6 31. a4 Qc4 32. Qd1 Bxb4 33. axb5 Re8
34. c3 Bc5 35. bxc6 Be6 36. Rb7 Re7 37. Rab1 Rc7 38. Rb8# 1-0

[Event "British Columbia op"]
[Site "Richmond CAN"]
[Date "2019.02.18"]
[Round "6.10"]
[White "Zheng, Maven"]
[Black "Salcedo, Daniel E"]
[Result "0-1"]
[WhiteElo "1863"]
[BlackElo "2016"]
[PlyCount "64"]
[EventDate "2019.02.16"]
[EventType "swiss"]
[EventRounds "6"]
[EventCountry "CAN"]

1. d4 Nf6 2. c4 g6 3. Nc3 d5 4. Nf3 Bg7 5. Bg5 Ne4 6. Bh4 Nxc3 7. bxc3 O-O 8.
e3 c5 9. cxd5 Qa5 10. Qd2 cxd4 11. cxd4 Qxd5 12. Bxe7 Re8 13. Rc1 Bg4 14. Bc4
Qd7 15. Bc5 Bxf3 16. gxf3 Qh3 17. Bd5 Nc6 18. Qb2 Qg2 19. Ke2 Rad8 20. Bxc6
bxc6 21. h4 Rxe3+ 22. Kxe3 Re8+ 23. Kd3 Qxf3+ 24. Kc4 Qd5+ 25. Kc3 Qxc5+ 26.
Kd2 Bh6+ 27. Kd3 Qf5+ 28. Kc4 Qd5+ 29. Kd3 c5 30. Rce1 c4+ 31. Kc2 Qf5+ 32. Kc3
Qd3+ 0-1

[Event "British Columbia-Washington m"]
[Site "Victoria CAN"]
[Date "2019.01.18"]
[Round "1.1"]
[White "Sohal, Tanraj"]
[Black "Setiadikurnia, Sloan Christopher"]
[Result "1/2-1/2"]
[WhiteElo "2387"]
[BlackElo "2101"]
[PlyCount "65"]
[EventDate "2019.01.18"]
[EventType "team"]
[EventRounds "5"]
[EventCountry "CAN"]
[WhiteTeam "BC"]
[BlackTeam "WA"]

1. d4 Nf6 2. c4 e6 3. Nf3 d5 4. Nc3 c6 5. Qb3 Nbd7 6. Bg5 h6 7. Bh4 dxc4 8.
Qxc4 Qb6 9. O-O-O Qb4 10. e3 a6 11. Nd2 a5 12. Be2 Qxc4 13. Nxc4 b5 14. Nd2 Bb7
15. Kb1 Be7 16. Bf3 Nd5 17. Nxd5 cxd5 18. Bg3 Nb6 19. Be2 Ba6 20. Bc7 Bd8 21.
Bxd8 Kxd8 22. Nb3 b4 23. Bf3 Nc4 24. Nc5 Bb5 25. Rhe1 Kc7 26. Be2 Nd6 27. Bf3
Rhc8 28. Rc1 Kb6 29. Rc2 Rc7 30. Rec1 Rac8 31. h3 Ka7 32. Ka1 Nb7 33. Bd1
1/2-1/2

[Event "British Columbia-Washington m"]
[Site "Victoria CAN"]
[Date "2019.01.18"]
[Round "1.2"]
[White "Bremner, William"]
[Black "Collyer, Curt"]
[Result "0-1"]
[WhiteElo "2125"]
[BlackElo "2294"]
[PlyCount "58"]
[EventDate "2019.01.18"]
[EventType "team"]
[EventRounds "5"]
[EventCountry "CAN"]
[WhiteTeam "BC"]
[BlackTeam "WA"]

1. d4 e6 2. c4 f5 3. g3 Nf6 4. Bg2 Be7 5. Nf3 O-O 6. O-O d6 7. Nc3 Nc6 8. d5
Ne5 9. b3 Nxf3+ 10. exf3 e5 11. f4 exf4 12. Bxf4 Ng4 13. Bc1 Bf6 14. Bb2 f4 15.
Qd2 fxg3 16. fxg3 Bg5 17. Qe2 Be3+ 18. Kh1 Nf2+ 19. Kg1 Nd1+ 20. Kh1 Rxf1+ 21.
Bxf1 Bg4 22. Qe1 Nf2+ 23. Kg1 Bb6 24. Qb1 Bf3 25. Bg2 Bxg2 26. Kxg2 Qd7 27. Qc2
Qh3+ 28. Kg1 Ng4+ 29. Kh1 Bf2 0-1

[Event "British Columbia-Washington m"]
[Site "Victoria CAN"]
[Date "2019.01.18"]
[Round "1.3"]
[White "Sinanan, Joshua"]
[Black "Lehingrat, Callum"]
[Result "1-0"]
[WhiteElo "2283"]
[BlackElo "2067"]
[PlyCount "85"]
[EventDate "2019.01.18"]
[EventType "team"]
[EventRounds "5"]
[EventCountry "CAN"]
[WhiteTeam "WA"]
[BlackTeam "BC"]

1. Nf3 Nf6 2. c4 e6 3. Nc3 c5 4. g3 Nc6 5. Bg2 Be7 6. O-O O-O 7. d4 cxd4 8.
Nxd4 a6 9. e4 Qc7 10. Nb3 Ne5 11. c5 Bxc5 12. Nxc5 Qxc5 13. Be3 Qe7 14. Qb3 d6
15. h3 Bd7 16. f4 Nc6 17. a4 Rfc8 18. a5 Be8 19. Rfd1 Rab8 20. Qa3 Rd8 21. Bb6
Rd7 22. Rd3 e5 23. Nd5 Nxd5 24. Rxd5 exf4 25. gxf4 Qf6 26. Rf1 Ne7 27. Rd3 Ng6
28. Qc3 Qe7 29. Rd4 Nh4 30. Bh1 Ng6 31. Rc4 h6 32. Kh2 Kh7 33. Qd2 Nf8 34. Bf3
Ne6 35. Bg4 g5 36. Bf5+ Kh8 37. fxg5 Nxg5 38. h4 Nh7 39. Qxh6 f6 40. Rg1 d5 41.
Bxh7 Qe5+ 42. Kh1 Qh5 43. Rg8# 1-0

[Event "British Columbia-Washington m"]
[Site "Victoria CAN"]
[Date "2019.01.18"]
[Round "1.4"]
[White "Velea, Anne Marie"]
[Black "MacKinnon, Keith"]
[Result "0-1"]
[WhiteElo "2052"]
[BlackElo "2279"]
[PlyCount "118"]
[EventDate "2019.01.18"]
[EventType "team"]
[EventRounds "5"]
[EventCountry "CAN"]
[WhiteTeam "WA"]
[BlackTeam "BC"]

1. e4 d5 2. exd5 Qxd5 3. Nc3 Qd6 4. d4 Nf6 5. Bc4 a6 6. Nf3 b5 7. Bd3 Bb7 8.
Qe2 Nbd7 9. Ne4 Qb6 10. c3 e6 11. Bf4 Nd5 12. Bg3 c5 13. dxc5 Nxc5 14. Nxc5
Bxc5 15. Nd2 O-O 16. Ne4 Be7 17. f3 f5 18. Nd2 Rae8 19. O-O-O Bg5 20. Bf2 Qa5
21. Kb1 Nf4 22. Qf1 Nxd3 23. Qxd3 Bd5 24. Nb3 Qa4 25. Qc2 Rc8 26. Nc1 Qa5 27.
Nb3 Qa4 28. Nc1 Qc4 29. Qe2 Bxc1 30. Qxc4 Bxc4 31. Rxc1 Bd3+ 32. Ka1 e5 33.
Rcd1 e4 34. fxe4 fxe4 35. Be3 Rf5 36. Rhe1 Rc6 37. Rd2 Rg6 38. Red1 Rg4 39. b3
Rh5 40. g3 Rg6 41. Rf2 Rd5 42. Rdd2 Rc6 43. Kb2 Rd7 44. a3 a5 45. Rd1 a4 46. b4
Rf7 47. Rdd2 Rfc7 48. Bd4 e3 49. Bxe3 Rxc3 50. Bc5 Rb3+ 51. Ka2 h6 52. Rf3 Bb1+
53. Ka1 Rxf3 54. Kxb1 Rxa3 55. Rd6 Rc3 56. Rb6 Rb3+ 57. Ka2 Rd7 58. Rxb5 Rd2+
59. Ka1 Rf3 0-1

[Event "British Columbia-Washington m"]
[Site "Victoria CAN"]
[Date "2019.01.18"]
[Round "1.5"]
[White "Kenney, Jason"]
[Black "Shubin, Daniel"]
[Result "1-0"]
[WhiteElo "2271"]
[BlackElo "2012"]
[PlyCount "63"]
[EventDate "2019.01.18"]
[EventType "team"]
[EventRounds "5"]
[EventCountry "CAN"]
[WhiteTeam "BC"]
[BlackTeam "WA"]

1. e4 e6 2. d4 d5 3. Nd2 Nf6 4. e5 Nfd7 5. Bd3 c5 6. c3 Nc6 7. Ne2 Qb6 8. Nf3
cxd4 9. cxd4 f6 10. exf6 Nxf6 11. O-O Bd6 12. Nc3 O-O 13. a3 Bd7 14. b4 e5 15.
Nxd5 Nxd5 16. Bc4 Nxd4 17. Bxd5+ Kh8 18. Ng5 Be8 19. Be3 Bg6 20. Ne6 Rf5 21.
Rc1 a5 22. Be4 Rh5 23. Bxg6 hxg6 24. Qg4 e4 25. Bxd4 Bxh2+ 26. Kh1 Qd6 27. g3
Bxg3+ 28. Kg2 Bxf2 29. Bxg7+ Kg8 30. Nf4 Rf5 31. Nxg6 Qd5 32. Ne7+ 1-0

[Event "British Columbia-Washington m"]
[Site "Victoria CAN"]
[Date "2019.01.18"]
[Round "1.6"]
[White "Vijayakumar, Advaith"]
[Black "Mohammed Qanee, Arpak Worya"]
[Result "1/2-1/2"]
[WhiteElo "1937"]
[BlackElo "2218"]
[PlyCount "89"]
[EventDate "2019.01.18"]
[EventType "team"]
[EventRounds "5"]
[EventCountry "CAN"]
[WhiteTeam "WA"]
[BlackTeam "BC"]

1. d4 c5 2. d5 e6 3. c4 exd5 4. cxd5 Nf6 5. Nc3 g6 6. e4 d6 7. Nf3 Bg7 8. Bd3
O-O 9. O-O Na6 10. h3 Nc7 11. Bf4 a6 12. a4 Rb8 13. a5 b5 14. axb6 Rxb6 15. Nd2
Nh5 16. Nc4 Nxf4 17. Nxb6 Bxh3 18. Qf3 Qg5 19. g3 Nxd3 20. Qxd3 Bxf1 21. Kxf1
f5 22. Nc4 Bxc3 23. Qxc3 fxe4 24. Nxd6 e3 25. Ne4 Qf5 26. Qxe3 Nxd5 27. Qe2 Re8
28. f3 Qh3+ 29. Kg1 Rxe4 30. fxe4 Qxg3+ 31. Kh1 Qh4+ 32. Kg1 Qg3+ 33. Kh1 Qh4+
34. Kg1 Nf4 35. Qf3 Nh3+ 36. Kg2 Ng5 37. Qb3+ Nf7 38. Qe6 Qg5+ 39. Kh1 Kg7 40.
Rf1 Ne5 41. Qe8 Qh4+ 42. Kg1 Qg3+ 43. Kh1 Nf3 44. Qe7+ Kg8 45. Qe8+ 1/2-1/2

[Event "British Columbia-Washington m"]
[Site "Victoria CAN"]
[Date "2019.01.18"]
[Round "1.7"]
[White "Wu, Howard"]
[Black "Velea, Sophie"]
[Result "1/2-1/2"]
[WhiteElo "2176"]
[BlackElo "1824"]
[PlyCount "83"]
[EventDate "2019.01.18"]
[EventType "team"]
[EventRounds "5"]
[EventCountry "CAN"]
[WhiteTeam "BC"]
[BlackTeam "WA"]

1. e4 c5 2. Nf3 d6 3. d4 cxd4 4. Nxd4 Nf6 5. Nc3 g6 6. Be2 Bg7 7. O-O O-O 8.
Bg5 Nc6 9. Nb3 Be6 10. Kh1 Bxb3 11. axb3 a6 12. f4 Rc8 13. Bf3 Qb6 14. Bxf6
Bxf6 15. Nd5 Qd4 16. c3 Qxd1 17. Nxf6+ exf6 18. Rfxd1 Rcd8 19. g3 Rfe8 20. Rd3
Kf8 21. b4 Ke7 22. Rd5 Kd7 23. Kg2 Kc7 24. Kf2 Ne7 25. Rda5 Nc6 26. R5a3 Rb8
27. Rd1 Ra8 28. Rb3 Red8 29. c4 a5 30. bxa5 Rxa5 31. Rd2 Rc5 32. Rc3 Ra5 33.
Rd5 Ra2 34. Rd2 Ra4 35. g4 Rda8 36. Bd1 R4a5 37. Rh3 Rh8 38. Rhd3 Rd8 39. Kg3
h5 40. b3 Nb4 41. Rd4 Nc6 42. Rd5 {
Notation issues - the game ended in a draw on move 74.} 1/2-1/2

[Event "British Columbia-Washington m"]
[Site "Victoria CAN"]
[Date "2019.01.18"]
[Round "1.8"]
[White "Seshadri, Sridhar"]
[Black "Blaha, Jiri"]
[Result "0-1"]
[WhiteElo "1724"]
[BlackElo "2154"]
[PlyCount "111"]
[EventDate "2019.01.18"]
[EventType "team"]
[EventRounds "5"]
[EventCountry "CAN"]
[WhiteTeam "WA"]
[BlackTeam "BC"]

1. Nf3 Nf6 2. d4 e6 3. Bg5 b6 4. e4 h6 5. Bxf6 Qxf6 6. e5 Qe7 7. c3 Bb7 8. Nbd2
d6 9. Be2 Nd7 10. O-O g6 11. Bb5 Bg7 12. Bxd7+ Qxd7 13. Re1 O-O 14. Qc2 Rac8
15. Ne4 Qe7 16. Qe2 Rfd8 17. Qe3 Bxe4 18. Qxe4 c5 19. exd6 Qxd6 20. dxc5 Rxc5
21. h3 Rd5 22. Rac1 b5 23. Re2 Rc8 24. b3 Rxc3 25. Rce1 e5 26. g4 Qd7 27. Re3
Rxe3 28. Rxe3 f5 29. gxf5 gxf5 30. Qh4 e4 31. Nh2 Rd3 32. Nf1 Kh7 33. Qf4 Bf6
34. h4 Bd4 35. Rg3 Bb6 36. Qb8 Qf7 37. Rxd3 exd3 38. Qd6 Qg6+ 39. Qxg6+ Kxg6
40. b4 Bd4 41. Kg2 f4 42. Kf3 Kf5 43. Nd2 Bc3 44. Nb3 Ke5 45. Nc5 d2 46. Ke2
f3+ 47. Kd1 Kf5 48. a4 bxa4 49. Nxa4 Bxb4 50. Nb2 Kg4 51. Nd3 Bc3 52. Kc2 Kxh4
53. Nc5 Kh3 54. Ne4 Bb4 55. Kd1 Kg2 56. Kc2 0-1

[Event "British Columbia-Washington m"]
[Site "Victoria CAN"]
[Date "2019.01.18"]
[Round "1.9"]
[White "Abramson, Dan"]
[Black "Tian, Sherry"]
[Result "1/2-1/2"]
[WhiteElo "2151"]
[BlackElo "2066"]
[PlyCount "150"]
[EventDate "2019.01.18"]
[EventType "team"]
[EventRounds "5"]
[EventCountry "CAN"]
[WhiteTeam "WA"]
[BlackTeam "BC"]

1. c4 Nf6 2. Nc3 e6 3. e4 d6 4. d4 Be7 5. Nf3 b6 6. Bd3 Bb7 7. O-O d5 8. cxd5
exd5 9. e5 Ne4 10. Qc2 Nxc3 11. bxc3 Bc8 12. Bxh7 Be6 13. Bf5 Qd7 14. Bxe6 Qxe6
15. Ng5 Bxg5 16. Bxg5 Nc6 17. f4 Qg4 18. e6 O-O 19. exf7+ Rxf7 20. Rae1 Na5 21.
Qg6 Raf8 22. h3 Qf5 23. Qxf5 Rxf5 24. g4 R5f7 25. f5 Nc4 26. Re6 Nd6 27. Be7
Rc8 28. Bxd6 cxd6 29. Rf3 Rfc7 30. Ree3 Rc4 31. Kg2 Ra4 32. Rf2 Ra3 33. Rc2 b5
34. Kf2 b4 35. Ke2 bxc3 36. g5 Kf7 37. Re6 Rc4 38. Ke3 Ra6 39. h4 Rb6 40. h5
Rb2 41. Kd3 Rxd4+ 42. Kxc3 Rxc2+ 43. Kxd4 Rd2+ 44. Ke3 Rh2 45. g6+ Kf8 46. Rxd6
Rxh5 47. Rxd5 Rh3+ 48. Kf4 Rh1 49. Ra5 Rf1+ 50. Kg3 Rg1+ 51. Kf2 Rb1 52. Rxa7
Rb5 53. Rf7+ Kg8 54. Ke3 Ra5 55. Rb7 Kf8 56. Rf7+ Kg8 57. Kf4 Rxa2 58. Ke5 Re2+
59. Kd6 Rf2 60. Kd7 Ra2 61. Ke6 Ra6+ 62. Ke5 Ra5+ 63. Kf4 Ra4+ 64. Kg5 Ra8 65.
Rb7 Rf8 66. Ra7 Rb8 67. Rd7 Ra8 68. Kf4 Re8 69. Rc7 Kf8 70. Kg5 Ra8 71. Rf7+
Kg8 72. Rc7 Kf8 73. Rd7 Rb8 74. Kf4 Kg8 75. Rc7 Kf8 1/2-1/2

[Event "British Columbia-Washington m"]
[Site "Victoria CAN"]
[Date "2019.01.18"]
[Round "1.10"]
[White "Velea, Stephanie"]
[Black "Cheng, Louis"]
[Result "1-0"]
[WhiteElo "1710"]
[BlackElo "2127"]
[PlyCount "87"]
[EventDate "2019.01.18"]
[EventType "team"]
[EventRounds "5"]
[EventCountry "CAN"]
[WhiteTeam "WA"]
[BlackTeam "BC"]

1. e4 c5 2. Nf3 d6 3. Bb5+ Nc6 4. O-O e6 5. Re1 Nge7 6. c3 Qc7 7. d4 a6 8. Bf1
Bd7 9. d5 Ne5 10. Nxe5 dxe5 11. d6 Qc6 12. dxe7 Bxe7 13. Qg4 O-O-O 14. Nd2 f5
15. Qe2 Bf6 16. Nc4 b5 17. Na5 Qc7 18. b4 f4 19. Nb3 Be7 20. bxc5 Bxc5 21. Nxc5
Qxc5 22. a4 Kb7 23. Qb2 Rc8 24. Bd2 Rhd8 25. c4 g5 26. Rec1 Qd4 27. Qxd4 exd4
28. axb5 axb5 29. cxb5 Rxc1 30. Bxc1 Rc8 31. Ba3 g4 32. Bd6 f3 33. Be5 Rd8 34.
Rd1 Be8 35. Rxd4 Rc8 36. Rc4 Rd8 37. Rc1 Bg6 38. Rc7+ Kb6 39. Rc6+ Kb7 40. gxf3
gxf3 41. Rxe6 Bxe4 42. Re7+ Ka8 43. b6 Rd1 44. Ra7# 1-0

[Event "British Columbia-Washington m"]
[Site "Victoria CAN"]
[Date "2019.01.19"]
[Round "2.1"]
[White "Collyer, Curt"]
[Black "Kenney, Jason"]
[Result "1-0"]
[WhiteElo "2294"]
[BlackElo "2271"]
[PlyCount "59"]
[EventDate "2019.01.18"]
[EventType "team"]
[EventRounds "5"]
[EventCountry "CAN"]
[WhiteTeam "WA"]
[BlackTeam "BC"]

1. Nf3 Nf6 2. c4 g6 3. b3 Bg7 4. Bb2 O-O 5. g3 d6 6. d4 e5 7. dxe5 Ng4 8. Bg2
Nc6 9. Nc3 Ngxe5 10. Nxe5 Nxe5 11. Qd2 Rb8 12. O-O h5 13. h3 h4 14. f4 Nd7 15.
g4 a6 16. Rad1 b5 17. cxb5 axb5 18. Bc6 Bb7 19. Bxb5 Nc5 20. Bc4 Qe7 21. Bd5 c6
22. Bf3 d5 23. Ba3 Rfe8 24. Qc1 Bf8 25. Na4 Nxb3 26. Bxe7 Nxc1 27. Bxf8 Nxe2+
28. Bxe2 Rxe2 29. Bc5 Rxa2 30. Ra1 1-0

[Event "British Columbia-Washington m"]
[Site "Victoria CAN"]
[Date "2019.01.19"]
[Round "2.2"]
[White "Blaha, Jiri"]
[Black "Sinanan, Joshua"]
[Result "0-1"]
[WhiteElo "2154"]
[BlackElo "2283"]
[PlyCount "118"]
[EventDate "2019.01.18"]
[EventType "team"]
[EventRounds "5"]
[EventCountry "CAN"]
[WhiteTeam "BC"]
[BlackTeam "WA"]

1. e4 c5 2. Nc3 e6 3. f4 a6 4. Nf3 d5 5. d3 Nc6 6. g3 dxe4 7. Nxe4 Nh6 8. Bg2
Be7 9. O-O O-O 10. Kh1 Qc7 11. Be3 b6 12. h3 Nf5 13. Bf2 Bb7 14. c3 Nd6 15. Qe2
Rad8 16. Rad1 a5 17. Nfd2 Rfe8 18. Rfe1 Bf8 19. Nxd6 Bxd6 20. Nc4 Bf8 21. a4
Ne7 22. Bxb7 Qxb7+ 23. Qe4 Nd5 24. Na3 Qd7 25. Nb5 g6 26. Kg2 Bg7 27. Qf3 h5
28. d4 c4 29. g4 hxg4 30. hxg4 f5 31. g5 Kf7 32. Be3 Rh8 33. Rh1 Qc6 34. Bd2
Rdg8 35. Rxh8 Rxh8 36. Rh1 Nxf4+ 37. Bxf4 Qxf3+ 38. Kxf3 Rxh1 39. Nd6+ Ke7 40.
Nxc4 e5 41. dxe5 Rb1 42. Be3 Ra1 43. Bxb6 Rxa4 44. b3 Rxc4 45. bxc4 a4 46. Bd4
Ke6 47. Kf4 a3 48. c5 a2 49. c4 Bf8 50. c6 Bc5 51. Ba1 Ba3 52. Ke3 Bc1+ 53. Kd4
Bxg5 54. c7 Kd7 55. e6+ Kxc7 56. Ke5 Be7 57. Bc3 Kc6 58. Bd4 Bd8 59. Bb2 Kc5
0-1

[Event "British Columbia-Washington m"]
[Site "Victoria CAN"]
[Date "2019.01.19"]
[Round "2.3"]
[White "MacKinnon, Keith"]
[Black "Velea, Stephanie"]
[Result "1-0"]
[WhiteElo "2279"]
[BlackElo "1710"]
[PlyCount "117"]
[EventDate "2019.01.18"]
[EventType "team"]
[EventRounds "5"]
[EventCountry "CAN"]
[WhiteTeam "BC"]
[BlackTeam "WA"]

1. c4 e6 2. Nc3 d5 3. e3 Nf6 4. Nf3 Be7 5. b3 c5 6. Bb2 O-O 7. cxd5 Nxd5 8. Bc4
Bf6 9. Rc1 a6 10. O-O b5 11. Be2 Bb7 12. Qc2 Nd7 13. Ne4 Bxb2 14. Neg5 N5f6 15.
Qxb2 h6 16. Nh3 Rc8 17. d4 Qb6 18. Rfd1 Rfd8 19. dxc5 Nxc5 20. Nf4 Rc6 21. h3
Rcd6 22. Rxd6 Rxd6 23. Ne5 Ncd7 24. b4 Nxe5 25. Qxe5 Nd7 26. Qb2 Nf6 27. Nd3
Ne4 28. Qe5 Rc6 29. Qb8+ Kh7 30. Rxc6 Qxc6 31. Bf3 Qd7 32. Nc5 Nxc5 33. bxc5
Bxf3 34. gxf3 Qd5 35. Qd6 Qxf3 36. c6 Qxh3 37. Qd3+ Kg8 38. c7 Qg4+ 39. Kf1
Qh3+ 40. Ke1 Qh1+ 41. Kd2 Qc6 42. Qd8+ Kh7 43. c8=Q Qf3 44. Qg8+ Kg6 45. Qc2+
Kh5 46. Qd1 Qxd1+ 47. Kxd1 Kg6 48. Qa8 h5 49. Qxa6 h4 50. Qxb5 f5 51. Qe8+ Kg5
52. a4 h3 53. a5 Kg4 54. a6 Kf3 55. a7 Kxf2 56. a8=Q Kg1 57. Qa2 h2 58. Qg6+
Kf1 59. Qag2# 1-0

[Event "British Columbia-Washington m"]
[Site "Victoria CAN"]
[Date "2019.01.19"]
[Round "2.4"]
[White "Velea, Sophie"]
[Black "Sohal, Tanraj"]
[Result "0-1"]
[WhiteElo "1824"]
[BlackElo "2387"]
[PlyCount "114"]
[EventDate "2019.01.18"]
[EventType "team"]
[EventRounds "5"]
[EventCountry "CAN"]
[WhiteTeam "WA"]
[BlackTeam "BC"]

1. e4 c5 2. Nf3 e6 3. d4 cxd4 4. Nxd4 Nf6 5. Bd3 Nc6 6. Nxc6 dxc6 7. Nc3 e5 8.
O-O Be6 9. Kh1 Bd6 10. f4 exf4 11. Bxf4 Bxf4 12. Rxf4 Qc7 13. Qf1 O-O-O 14. Re1
Ng4 15. h3 Ne5 16. Rf2 g5 17. Be2 h5 18. g3 Rd2 19. Qg2 Kb8 20. Rc1 Qb6 21. Nd1
Bxh3 22. Qxh3 Rxd1+ 23. Rxd1 Qxf2 24. Qh2 Qxh2+ 25. Kxh2 h4 26. g4 Kc7 27. Rf1
Rh6 28. Rf5 f6 29. Rf1 Kd6 30. Rd1+ Ke7 31. Rd4 Rh8 32. Rb4 b5 33. Rd4 Rd8 34.
Rxd8 Kxd8 35. c3 Kc7 36. b3 a6 37. Kg2 Kd6 38. Kf2 Ng6 39. Bf3 a5 40. Ke3 b4
41. c4 Ke5 42. Bh1 Nf8 43. Bf3 Ne6 44. Bg2 Nc5 45. Bf3 a4 46. bxa4 Nxa4 47. Bd1
Nc3 48. Bc2 Nxa2 49. c5 Nc3 50. Bb3 Nxe4 51. Ba4 Nxc5 52. Bxc6 b3 53. Be8 h3
54. Kf2 Ne4+ 55. Kg1 b2 56. Kh2 b1=Q 57. Kxh3 Qh1# 0-1

[Event "British Columbia-Washington m"]
[Site "Victoria CAN"]
[Date "2019.01.19"]
[Round "2.5"]
[White "Mohammed Qanee, Arpak Worya"]
[Black "Abramson, Dan"]
[Result "1-0"]
[WhiteElo "2218"]
[BlackElo "2151"]
[PlyCount "111"]
[EventDate "2019.01.18"]
[EventType "team"]
[EventRounds "5"]
[EventCountry "CAN"]
[WhiteTeam "BC"]
[BlackTeam "WA"]

1. d4 Nf6 2. Bg5 Ne4 3. Bf4 d5 4. e3 Bf5 5. f3 Nd6 6. Bd3 Nc6 7. c3 e6 8. Ne2
g5 9. Bxd6 Qxd6 10. Bxf5 exf5 11. Qd3 Qe6 12. Nd2 O-O-O 13. O-O-O Bd6 14. Rde1
Rde8 15. Ng3 f4 16. Nf5 fxe3 17. Rxe3 Qf6 18. Nxd6+ Qxd6 19. Qf5+ Kb8 20. Rxe8+
Rxe8 21. Qxf7 Re2 22. Qg8+ Nd8 23. Qxg5 b6 24. Kd1 Re6 25. Qg3 Qd7 26. Re1 Rg6
27. Qf2 Qa4+ 28. Kc1 Ne6 29. f4 Rf6 30. f5 Ng5 31. Qf4 Nf7 32. g4 Qxa2 33. g5
Rc6 34. g6 Qa1+ 35. Nb1 hxg6 36. fxg6 Rxg6 37. Qxf7 Rg2 38. Qf8+ Kb7 39. Qa3
Qxa3 40. Nxa3 Rxh2 41. Nc2 a5 42. Re5 Rh1+ 43. Ne1 c6 44. Re7+ Ka6 45. Kc2 a4
46. Nd3 Rh2+ 47. Kb1 Kb5 48. Ka2 c5 49. Rd7 Rh5 50. dxc5 bxc5 51. Nf4 Rf5 52.
Nxd5 Rh5 53. Rd6 Rg5 54. Ka3 c4 55. Nc7+ Kc5 56. Ne6+ 1-0

[Event "British Columbia-Washington m"]
[Site "Victoria CAN"]
[Date "2019.01.19"]
[Round "2.6"]
[White "Setiadikurnia, Sloan Christopher"]
[Black "Wu, Howard"]
[Result "0-1"]
[WhiteElo "2101"]
[BlackElo "2176"]
[PlyCount "105"]
[EventDate "2019.01.18"]
[EventType "team"]
[EventRounds "5"]
[EventCountry "CAN"]
[WhiteTeam "WA"]
[BlackTeam "BC"]

1. c4 Nf6 2. g3 g6 3. Bg2 Bg7 4. e4 d6 5. Nc3 O-O 6. Nge2 c5 7. O-O Nc6 8. d3
Bd7 9. h3 a6 10. Be3 Rb8 11. a4 Ne8 12. d4 cxd4 13. Nxd4 Nc7 14. Nd5 Ne6 15.
Ne2 Bxb2 16. Rb1 Bg7 17. Nb6 Bc8 18. f4 Nc5 19. Qd2 f5 20. Nxc8 Rxc8 21. Bxc5
dxc5 22. Qxd8 Rfxd8 23. exf5 Rd2 24. Rfe1 Nb4 25. Rbd1 Ra2 26. fxg6 hxg6 27.
Bxb7 Rc7 28. Be4 Kf7 29. Kf2 Bc3 30. Rf1 Bf6 31. Kf3 Rxa4 32. Rde1 Ra3+ 33. Kg4
Re3 34. Bb1 Rc6 35. f5 g5 36. Rf3 Rxf3 37. Kxf3 a5 38. Nc1 a4 39. Na2 Rb6 40.
Nc1 Bc3 41. Rd1 a3 42. Kg4 Bf6 43. h4 gxh4 44. gxh4 Bb2 45. Na2 Nc6 46. Kf4 Nd4
47. Rh1 Bc1+ 48. Kg4 Rxb1 49. Rxc1 Rb2 50. Nc3 Nb3 51. Rh1 a2 52. Nxa2 Rxa2 53.
Kg5 {Notation issues - the game ended in a win for Black on move 67.} 0-1